Normal view MARC view
  • Supervised by Dr. Adil Masood

Entry Personal Name

Number of records used in: 0

001 - CONTROL NUMBER

  • control field: 132039

003 - CONTROL NUMBER IDENTIFIER

  • control field: NUST

005 - DATE AND TIME OF LATEST TRANSACTION

  • control field: 20251124161739.0

008 - FIXED-LENGTH DATA ELEMENTS

  • fixed length control field: 251124|| aca||aabn | a|a d

040 ## - CATALOGING SOURCE

  • Original cataloging agency: NUST
  • Transcribing agency: NUST

100 ## - HEADING--PERSONAL NAME

  • Personal name: Supervised by Dr. Adil Masood

670 ## - SOURCE DATA FOUND

  • Source citation: Work cat.: (NUST)188984: Haq, CSM Aizaz-Ul (TCC-19 ) 132038, Biometric hand vein recognition and identification /, August 2011
© 2023 Central Library, National University of Sciences and Technology. All Rights Reserved.